Русский - в два счета, Учебник по русскому языку как иностранному для англоговорящих учащихся. Уровни А1–А2
| Autore principale: | |
|---|---|
| Altri autori: | |
| Riassunto: | Книга не входит в премиум-версию платформы «Русский как иностранный». Учебник представляет собой интенсивный курс русского языка, его основная задача - помочь иностранцу как можно быстрее и эффективнее включиться в русскоговорящую среду на русском языке при минимальном уровне владения языком. Последовательность презентации грамматического и лексического материала определяется коммуникативной необходимостью: чем нужнее какая-либо лексическая единица или грамматическая конструкция в ситуациях реального общения, тем раньше она вводится в курсе. Учебник содержит множество аутентичных диалогов, текстов с интерактивными заданиями, упражнений, большое количество шуток и анекдотов, а также некоторые данные по истории языка (в виде комментариев). Книга ориентирована на иностранцев, для которых английский язык является родным или языком-посредником и которые ранее не изучали русский язык. Гарантированный срок размещения на платформе до 01.07.2026 (автопролонгация) |
| Pubblicazione: |
Санкт-Петербург, Златоуст, 2022
|
| Edizione: | Русский - в два счета |
| Soggetti: | |
| Accesso online: | Перейти к просмотру издания |
| Natura: | MixedMaterials Elettronico |
MARC
| LEADER | 00000 a2200000 4500 | ||
|---|---|---|---|
| 001 | RU/ROS-EDU.RU/127977 | ||
| 856 | 4 | |u https://www.ros-edu.ru/book?id=127977 |z Перейти к просмотру издания | |
| 010 | |a 978-5-907123-22-9 | ||
| 205 | |a Русский - в два счета |b 2026-07-01 | ||
| 333 | |a Гарантированный срок размещения на платформе до 01.07.2026 (автопролонгация) | ||
| 100 | |a 20220101d2022 |||y0rusy0250 |s 2026-07-01 | ||
| 105 | |a y z 000zy | ||
| 101 | 0 | |a rus | |
| 102 | |a RU | ||
| 200 | 1 | |a Русский - в два счета |b Электронный ресурс |e Учебник по русскому языку как иностранному для англоговорящих учащихся. Уровни А1–А2 |f Н. C. Новикова, К. Чилстром | |
| 700 | 1 | |b Н. C. |a Новикова |4 070 | |
| 701 | 1 | |b К. |a Чилстром |4 070 | |
| 330 | |a Учебник представляет собой интенсивный курс русского языка, его основная задача - помочь иностранцу как можно быстрее и эффективнее включиться в русскоговорящую среду на русском языке при минимальном уровне владения языком. Последовательность презентации грамматического и лексического материала определяется коммуникативной необходимостью: чем нужнее какая-либо лексическая единица или грамматическая конструкция в ситуациях реального общения, тем раньше она вводится в курсе. Учебник содержит множество аутентичных диалогов, текстов с интерактивными заданиями, упражнений, большое количество шуток и анекдотов, а также некоторые данные по истории языка (в виде комментариев). Книга ориентирована на иностранцев, для которых английский язык является родным или языком-посредником и которые ранее не изучали русский язык. | ||
| 210 | |a Санкт-Петербург |c Златоуст |d 2022 | ||
| 610 | 1 | |a русский язык | |
| 610 | 1 | |a интенсивный курс | |
| 610 | 1 | |a грамматика | |
| 610 | 1 | |a лексика | |
| 675 | |a 811.16 | ||
| 686 | |a 81.2 |2 rubbk | ||
| 300 | |a Книга не входит в премиум-версию платформы «Русский как иностранный». | ||
| 215 | |a 196 с. | ||